000
00302nam a2200133Ia 4500
008
231129s1976||||xx |||||||||||||| ||spa||
040
_b
spa
082
_a
160 V152
100
_a
Valenzuela José Antonio
245
0
_a
Logica de las ciencias
260
_c
1976
264
_a
Comex
942
_2
ddc
_c
BKS
999
_c
19424
_d
19424